|
|
|
|
| LEADER |
01440nam a2200313 i 4500 |
| 001 |
36563 |
| 003 |
BD-DhAAL |
| 005 |
20191204110506.0 |
| 008 |
191204r20102005bg a 000 0aeng d |
| 999 |
|
|
|c 41997
|d 41997
|
| 010 |
|
|
|a 2016319387
|
| 020 |
|
|
|a 9789848858189
|
| 040 |
|
|
|a BD-DhAAL
|
| 043 |
|
|
|a a-bg---
|
| 082 |
|
|
|a 331.4095492
|
| 100 |
|
|
|a রহমান, জওশন আরা
|9 37917
|
| 245 |
1 |
3 |
|a স্মৃতিকথা :
|b একটি অজানা মেয়ে /
|c জওশন আরা রহমান
|
| 246 |
|
|
|a Smriti katha : ekti ajana meye
|
| 260 |
|
|
|a ঢাকা :
|b নবযুগ প্রকাশনী,
|c ২০০৫ [তৃতীয় মুদ্রণ ২০১০].
|
| 300 |
|
|
|a ২৯৪ পৃষ্ঠা :
|b চিত্র ;
|c ২২ সে.মি.
|
| 500 |
|
|
|a Translation of Jowshan Ara Rahman's autobiography, Smritikatha : ekti ajana meye"--Editor's note.
|
| 520 |
|
|
|a Autobiography of a woman social worker from Bangladesh.
|
| 541 |
|
|
|a Complimentary copy
|e 36563
|
| 600 |
1 |
0 |
|a Rahman, Jowshan Ara.
|9 37893
|
| 650 |
|
0 |
|a Women social workers
|z Bangladesh.
|9 37894
|
| 650 |
|
0 |
|a Women social workers
|z Bangladesh
|v Biography.
|9 37895
|
| 852 |
|
|
|a Ayesha Abed Library
|c General Stacks
|
| 942 |
|
|
|2 ddc
|c BK
|
| 952 |
|
|
|0 0
|1 0
|2 ddc
|4 0
|6 331_409549200000000_RAH
|7 0
|9 67354
|a BRACUL
|b BRACUL
|c GEN
|d 2019-12-04
|e Complimentary copy
|l 0
|o 331.4095492 RAH
|p 3010036563
|r 2019-12-04
|t 1
|w 2019-12-04
|y BK
|